000 00875nam a2200229Ii 4500
003 JO-AjNU
008 230605s9999||||xx |||||||||||||| ||und||
017 _a2009/7/3081
020 _a978-9957-23-150-7
040 _aJO-AjNU
_bara
_erda
_cJO-AjNU
041 _aara
050 1 4 _aBP165.5.F82 2009
100 3 _aفودة، سعيد عبد اللطيف,
_eauthor
_911368
245 0 0 _aموقف ابن رشد الفلسفي من علم الكلام وأثره في الإتجاهات الفكرية الحديثة ( دراسة تحليلية نقدية)
250 _aط1
264 3 1 _aعمان: دار الفتح للدراسات والنشر، 2009
300 _a415ص
336 _atext
_btxt
_2rdacontent
337 _aunmediated
_bn
_2rdamedia
338 _avolume
_bnc
_2rdacarrier
650 4 _aعلم الكلام- توحيد- الاسلام والفلسفة
_911369
999 _aA2289
_c5857
_d5857